| 000 | 00890cab a2200301 4500 | ||
|---|---|---|---|
| 001 | ABS47409 | ||
| 008 | 090401t1992 xxu||||| |||| 00| 0 eng d | ||
| 035 | _a(Sirsi) u61841 | ||
| 041 | _aeng | ||
| 100 | _aTurner, P. | ||
| 245 | _aPaint layers and the risk of fire | ||
| 260 | _c1992 | ||
| 350 | _a0 | ||
| 490 |
_aCS Monthly _bthe Building Surveyor _v2(3) November 1992, 8(1) |
||
| 520 | _aExamines potential fire hazards from paint thicknesses following a major fire on a Southwark housing estate within an access staircase. | ||
| 650 | _aBRE | ||
| 650 | _aCOSHH REGULATIONS | ||
| 650 | _aFIRE | ||
| 650 |
_aHEALTH AND SAFETY _96244 |
||
| 650 | _aINFLAMMABLE MATERIALS | ||
| 650 | _aPAINT | ||
| 650 | _aRISK | ||
| 650 | _aSTORAGE OF BUILDING MATERIALS | ||
| 650 | _aTHICKNESS | ||
| 690 | _aBUILT ENVIRONMENT-BUILDING STANDARDS | ||
| 942 | _n0 | ||
| 948 | _c04/03/1997 | ||
| 999 |
_c38356 _d38356 |
||